Omar the great: (Record no. 542375)
[ view plain ]
| 000 -LEADER | |
|---|---|
| fixed length control field | 00494nam a2200169Ia 4500 |
| 020 ## - INTERNATIONAL STANDARD BOOK NUMBER | |
| International Standard Book Number | (hb) |
| 082 ## - DEWEY DECIMAL CLASSIFICATION NUMBER | |
| Classification number | 297.64 |
| Author Mark | NUM |
| -- | L-31,P38. |
| 100 ## - MAIN ENTRY--PERSONAL NAME | |
| Personal name | Shibli Nu'Mani |
| 9 (RLIN) | 37507 |
| 245 ## - TITLE STATEMENT | |
| Title | Omar the great: |
| Remainder of title | (the second caliph of Islam) |
| 260 ## - PUBLICATION, DISTRIBUTION, ETC. | |
| Place of publication, distribution, etc. | Lahore: |
| Name of publisher, distributor, etc. | Sh. Muhammad Ashraf, |
| Date of publication, distribution, etc. | 1966 |
| 300 ## - PHYSICAL DESCRIPTION | |
| Extent | 295p. |
| 500 ## - GENERAL NOTE | |
| General note | Library has 2 volumes |
| 526 ## - STUDY PROGRAM INFORMATION NOTE | |
| Program name | 0 |
| Interest level | 0 |
| Reading level | 0 |
| Title point value | 297_640000000000000_NUM |
| 650 ## - SUBJECT ADDED ENTRY--TOPICAL TERM | |
| Topical term or geographic name entry element | Umar (R.A.), Caliph, 583-644. |
| 9 (RLIN) | 37508 |
| 700 ## - ADDED ENTRY--PERSONAL NAME | |
| Personal name | Khan, Zafar Ali |
| 9 (RLIN) | 37509 |
| 942 ## - ADDED ENTRY ELEMENTS (KOHA) | |
| Source of classification or shelving scheme | |
| Koha item type | Book |
| Withdrawn status | Lost status | Source of classification or shelving scheme | Damaged status | Not for loan | Permanent Location | Current Location | Date acquired | Total Checkouts | Full call number | Barcode | Date last seen | Price effective from | Koha item type |
|---|---|---|---|---|---|---|---|---|---|---|---|---|---|
| Military College of Engineering (MCE) | Military College of Engineering (MCE) | 11/18/2013 | 297.64 NUM | MCE-2748 | 11/18/2013 | 11/18/2013 | Book |
